| 000 | 00803nam a2200205Ia 4500 | ||
|---|---|---|---|
| 003 | GCL | ||
| 008 | 140319s9999 xx 000 0 ara d | ||
| 040 |
_aGCL / _cGCL |
||
| 082 | 0 | 4 |
_a956.9 _bن ط |
| 100 | 1 | _aنورالدين مصالحه | |
| 245 | 1 | 0 |
_aطرد الفلسطنين : مفهوم الترانسفير فى الفكر والتخطيط الصيونين 1948-1882 / _cنورالدين مصالحه |
| 260 |
_aبيروت : _bمؤسسة الدراسات الفلسطينية ، _c1992 |
||
| 300 |
_a293 ص ؛ _c20 سم |
||
| 490 | _a | ||
| 650 | 0 | 4 | _aفلسطين |
| 650 | 0 | 4 | _aالقضية الفلسطينية |
| 650 | 0 | 4 | _aاللاجئون الفلسطينيون |
| 650 | 0 | 4 | _aفلسطين - تاريخ - العصر الحديث - الاحتلال الصهيونى |
| 942 |
_2ddc _cBK |
||
| 999 |
_c55922 _d55922 |
||